[Event "8th Pfalz Open 2017"]
[Site "masterchessopen.com Neustadt an der Weinstrasse GER"]
[Date "2017.02.28"]
[Round "8.27"]
[White "Becker,Dirk"]
[Black "Roettig,H"]
[Result "1-0"]
[WhiteElo "2275"]
[BlackElo "2040"]

1.e4 c5 2.Nf3 d6 3.d4 cxd4 4.Nxd4 Nf6 5.f3 e5 6.Bb5+ Nbd7 7.Nf5 d5 8.exd5 a6
9.Ba4 b5 10.Bb3 Nc5 11.Ne3 e4 12.O-O Bd6 13.Nc3 Qc7 14.h3 Nh5 15.Nxe4 Bh2+
16.Kh1 Nxe4 17.fxe4 Ng3+ 18.Kxh2 Nxf1+ 19.Kg1 Qh2+ 20.Kxf1 Bxh3 21.gxh3 Qxh3+
22.Ke2 O-O 23.Bd2 Qh2+ 24.Kd3 a5 25.a4 Rfe8 26.Qh1 Qc7 27.Bc3 bxa4 28.Bc4 Rac8
29.Rg1 {#r} 1-0

[Event "8th Pfalz Open 2017"]
[Site "masterchessopen.com Neustadt an der Weinstrasse GER"]
[Date "2017.02.28"]
[Round "9.3"]
[White "Kozul,Z"]
[Black "Dann,M"]
[Result "1-0"]
[WhiteElo "2616"]
[BlackElo "2488"]

1.d4 Nf6 2.c4 e6 3.g3 c5 4.d5 exd5 5.cxd5 d6 6.Nc3 g6 7.Bg2 Bg7 8.Nf3 O-O
9.O-O Re8 10.Bf4 Ne4 11.Rc1 Nxc3 12.bxc3 b5 13.Re1 Qb6 14.Qb3 Nd7 15.a4 a6
16.c4 bxc4 17.Qxb6 Nxb6 18.Bxd6 Bb2 19.a5 Bxc1 20.axb6 Bh6 21.Bc7 c3 22.d6 Bb7
23.d7 Re7 24.Ne5 {#r} 1-0

[Event "8th Pfalz Open 2017"]
[Site "masterchessopen.com Neustadt an der Weinstrasse GER"]
[Date "2017.02.28"]
[Round "9.5"]
[White "Fridman,D"]
[Black "Annaberdiev,M"]
[Result "1-0"]
[WhiteElo "2594"]
[BlackElo "2435"]

1.d4 Nf6 2.Nf3 g6 3.c4 Bg7 4.Nc3 O-O 5.e4 d6 6.Be2 e5 7.O-O Nc6 8.d5 Ne7 9.Ne1
Nd7 10.Nd3 f5 11.Bd2 Nf6 12.f3 f4 13.Rc1 g5 14.c5 Ng6 15.Nb5 a6 16.cxd6 axb5
17.dxc7 Qe8 18.Qb3 g4 19.Nc5 Nh4 20.d6+ Kh8 21.Qxb5 Qh5 22.d7 g3 23.h3 Nxd7
24.Nxd7 Rf7 25.Rfd1 Bxd7 26.c8=Q+ Bxc8 27.Qe8+ Bf8 28.Rxc8 Rxc8 29.Qxc8 Qg6
30.Qd8 Qf6 31.Bc3 Kg7 32.Bc4 Bc5+ 33.Kf1 Re7 34.Rd5 Nxf3 35.Rxc5 Nh2+ 36.Kg1
f3 37.Qxe7+ Qxe7 38.Rxe5 f2+ 39.Kh1 {#r} 1-0

[Event "8th Pfalz Open 2017"]
[Site "masterchessopen.com Neustadt an der Weinstrasse GER"]
[Date "2017.02.28"]
[Round "9.7"]
[White "Kunin,V"]
[Black "Feuerstack,A"]
[Result "1-0"]
[WhiteElo "2569"]
[BlackElo "2449"]

1.d4 Nf6 2.c4 c5 3.d5 b5 4.cxb5 a6 5.Nc3 e6 6.e4 Bb7 7.Nf3 exd5 8.exd5 d6
9.bxa6 Bxa6 10.Bxa6 Nxa6 11.O-O Be7 12.Nh4 Qd7 13.Qf3 Qg4 14.Qxg4 Nxg4 15.Nf5
g6 16.Nxe7 Kxe7 17.Re1+ Kd7 18.h3 Ne5 19.Bg5 h6 20.Bf6 Rhe8 21.Bg7 Nb4 22.Ne4
Nxd5 23.Bxe5 Rxe5 24.Nxc5+ Kc6 25.Rxe5 dxe5 26.Nd3 Kd6 27.f3 f5 28.g3 Ra4
29.Kf2 g5 30.Ke2 e4 31.fxe4 fxe4 32.Ne1 Rc4 33.Rd1 Ke5 34.Ng2 Rb4 35.Rd2 Nb6
36.Ne3 Na4 37.b3 Nc3+ 38.Kf2 Rd4 39.Nc4+ Kd5 40.Nb6+ Ke5 41.Nc4+ Kd5 42.Ne3+
Ke5 43.Rxd4 Kxd4 44.a4 Na2 45.a5 Nb4 46.Ke2 h5 47.Nc2+ Nxc2 48.a6 {#r} 1-0

[Event "8th Pfalz Open 2017"]
[Site "masterchessopen.com Neustadt an der Weinstrasse GER"]
[Date "2017.02.28"]
[Round "9.8"]
[White "Perske,Thore"]
[Black "Solodovnichenko,Y"]
[Result "0-1"]
[WhiteElo "2400"]
[BlackElo "2569"]

1.e4 c5 2.Nf3 e6 3.d4 cxd4 4.Nxd4 Nc6 5.Nc3 d6 6.g4 a6 7.Bg2 Bd7 8.O-O Nge7
9.Nxc6 Bxc6 10.Be3 Ng6 11.g5 h6 12.gxh6 Nh4 13.Bh3 g6 14.Nd5 Bxh6 15.Re1 Bxe3
16.Rxe3 Bxd5 17.exd5 e5 18.c4 Nf5 19.Bxf5 gxf5 20.Qa4+ Kf8 21.Qa3 Qf6 22.Rae1
f4 23.Rxe5 f3 24.R1e3 Qg6+ 25.Kf1 Rxh2 26.Rxf3 Rh1+ 27.Ke2 Qc2+ 28.Ke3 Re1+
29.Kf4 Qxc4+ 30.Kg3 Rg1+ 31.Kh2 Rg6 32.Rg3 Rh6+ 33.Kg2 Qh4 34.Kf1 Qc4+ 35.Kg2
Qh4 36.Kf1 Rc8 37.b3 Qh1+ 38.Rg1 Qh3+ 39.Rg2 Qd3+ {#R} 0-1

[Event "8th Pfalz Open 2017"]
[Site "masterchessopen.com Neustadt an der Weinstrasse GER"]
[Date "2017.02.28"]
[Round "9.9"]
[White "Atalik,E"]
[Black "Milanovic,Da"]
[Result "0-1"]
[WhiteElo "2435"]
[BlackElo "2502"]

1.d4 Nf6 2.c4 c5 3.d5 b5 4.Qc2 bxc4 5.e4 g6 6.Bxc4 d6 7.Nf3 Bg7 8.O-O O-O 9.h3
Nbd7 10.Nc3 Nb6 11.Be2 Nh5 12.Be3 f5 13.exf5 Bxf5 14.Qd2 Nf6 15.Ng5 Qc8
16.Rac1 a5 17.b3 Qb7 18.Bf3 Rac8 19.Rfd1 a4 20.Ne6 Bxe6 21.dxe6 Qa6 22.Be2 Qa8
23.Bf3 Qa6 24.Be2 Qa7 25.Qc2 axb3 26.Qxb3 Rb8 27.Rb1 Rfc8 28.g4 Qa8 29.g5 Nfd5
30.Nb5 c4 31.Qc2 Nxe3 32.fxe3 Rc5 33.h4 Qa5 34.Nd4 Re8 35.Bf3 Bxd4 36.exd4 Rf5
37.Be4 Rf4 38.Bxg6 Rxh4 39.Bf7+ Kg7 40.Rd2 Qd5 41.Rg2 Qxd4+ 42.Qf2 Rc8
43.Qxd4+ Rxd4 44.Rb4 Rd1+ 45.Kh2 c3 46.Bh5 Rc1 47.Kg3 c2 48.Bf3 Rb1 {#R} 0-1

[Event "8th Pfalz Open 2017"]
[Site "masterchessopen.com Neustadt an der Weinstrasse GER"]
[Date "2017.02.28"]
[Round "9.11"]
[White "Noe,C"]
[Black "Muranyi,K"]
[Result "1-0"]
[WhiteElo "2429"]
[BlackElo "2328"]

1.d4 d5 2.c4 c6 3.Nc3 Nf6 4.e3 a6 5.Nf3 b5 6.b3 Bg4 7.h3 Bxf3 8.Qxf3 e6 9.Bd2
b4 10.Na4 Ne4 11.Bd3 Nxd2 12.Kxd2 Nd7 13.cxd5 cxd5 14.Rhc1 Bd6 15.Rc6 Nf6
16.Rac1 O-O 17.Nb6 Rb8 18.Nc8 Ne8 19.Nxd6 Nxd6 20.Rxa6 Ra8 21.Rxa8 Qxa8 22.Qf4
Rd8 23.Rc2 h6 24.f3 Qa5 25.g4 Nb5 26.h4 Nc3 27.g5 hxg5 28.hxg5 Ra8 29.g6 Qa7
30.Ke1 Qe7 31.Rg2 Qf6 32.gxf7+ Kxf7 33.Qc7+ Kg8 34.Rh2 Ne4 35.fxe4 Qg5 36.Kd2
{#r} 1-0

[Event "8th Pfalz Open 2017"]
[Site "masterchessopen.com Neustadt an der Weinstrasse GER"]
[Date "2017.02.28"]
[Round "9.18"]
[White "Holtel,Jasper"]
[Black "Colpe,M"]
[Result "0-1"]
[WhiteElo "2263"]
[BlackElo "2408"]

1.e4 d5 2.exd5 Qxd5 3.Nc3 Qd6 4.d4 Nf6 5.Nf3 c6 6.Ne5 Nbd7 7.Nc4 Qc7 8.Qf3 Nb6
9.Bf4 Qd7 10.O-O-O Qg4 11.Qe3 Nbd5 12.Nxd5 Nxd5 13.Nd6+ Kd7 14.Nxf7 Nxe3
15.fxe3 Qe6 16.Bc4 Qe4 17.d5 Ke8 18.Ne5 e6 19.dxe6 Bc5 20.Kb1 g5 21.Bxg5 Bxe6
22.Bxe6 Qxe5 23.Bd7+ Kf7 24.Rhf1+ Kg6 25.Bf4 Qe7 26.Rf3 Rhd8 27.Rg3+ Kf7
28.Rf1 Qxd7 29.Bg5+ Ke6 {#R} 0-1

[Event "8th Pfalz Open 2017"]
[Site "masterchessopen.com Neustadt an der Weinstrasse GER"]
[Date "2017.02.28"]
[Round "9.20"]
[White "Gschnitzer,Adrian"]
[Black "Hoolt,S"]
[Result "0-1"]
[WhiteElo "2242"]
[BlackElo "2390"]

1.e4 c5 2.Nf3 e6 3.d4 cxd4 4.Nxd4 Nc6 5.Nc3 a6 6.Be3 Nf6 7.Bd3 Be7 8.O-O Ne5
9.Be2 d6 10.f4 Ng6 11.Kh1 Bd7 12.Bf3 Qc7 13.Qe1 h5 14.g3 h4 15.g4 Bc6 16.g5
Nd7 17.f5 Ngf8 18.fxe6 fxe6 19.Bg4 Nc5 20.Qf2 O-O-O 21.Nxc6 Qxc6 22.Qf7 Re8
23.b4 Nxe4 24.Nxe4 Qxe4+ 25.Rf3 Kd7 26.h3 Ng6 27.Rd1 Rhf8 28.Rd4 Rxf7 29.Rxe4
Rxf3 30.Bxf3 d5 31.Rd4 Ne5 32.Be2 Rc8 33.Bd1 Rc3 34.Bf4 Nc6 35.Bd2 Rxh3+ {#R}
0-1

[Event "WWRR 2017"]
[Site "masterchessopen.com Wachtebeke BEL"]
[Date "2017.02.28"]
[Round "6.1"]
[White "Philippe,Guillaume"]
[Black "Kerigan,D"]
[Result "0-1"]
[WhiteElo "2319"]
[BlackElo "2318"]

1.Nf3 Nf6 2.e3 g6 3.b4 Bg7 4.Bb2 d6 5.d4 Nbd7 6.c4 O-O 7.Be2 e5 8.O-O Qe7
9.Nc3 Re8 10.Re1 h5 11.a4 e4 12.Nd2 Nf8 13.a5 a6 14.b5 N8h7 15.Nb3 Bg4 16.c5
d5 17.c6 bxc6 18.bxc6 Qe6 19.Nc5 Qf5 20.Bxg4 hxg4 21.Ne2 Qh5 22.Nf4 Qh4 23.Nd7
Red8 24.Nxf6+ Nxf6 25.Ba3 Bf8 26.Bxf8 Kxf8 27.f3 g5 28.g3 Qh6 29.fxg4 gxf4
30.exf4 Qh3 31.g5 Ng4 32.Ra2 Rab8 33.Qc2 Kg7 34.f5 Rh8 35.Qd2 Rb3 36.Qg2 Nxh2
37.Qxh2 Rxg3+ {#R} 0-1

[Event "WWRR 2017"]
[Site "masterchessopen.com Wachtebeke BEL"]
[Date "2017.02.28"]
[Round "6.2"]
[White "Hamblok,R"]
[Black "Den Hartog,Marijn"]
[Result "1-0"]
[WhiteElo "2320"]
[BlackElo "2183"]

1.Nf3 g6 2.d4 Bg7 3.e4 d6 4.Bc4 Nf6 5.Qe2 c6 6.Bb3 e5 7.dxe5 dxe5 8.Nbd2 Qc7
9.O-O O-O 10.a4 Nbd7 11.c3 a5 12.Nc4 b6 13.Ncd2 Nc5 14.Bc4 Bb7 15.Re1 h6
16.Qd1 Rfd8 17.Qc2 Rd7 18.Nb3 Ncxe4 19.Rxe4 Nxe4 20.Qxe4 Rad8 21.Nfd2 Kh7
22.Nf1 f5 23.Qe2 c5 24.f3 e4 25.f4 Rd3 26.Bxd3 exd3 27.Qf2 Qf7 28.Nbd2 c4
29.Nf3 {#r} 1-0

[Event "WWRR 2017"]
[Site "masterchessopen.com Wachtebeke BEL"]
[Date "2017.02.28"]
[Round "6.5"]
[White "Hopman,P"]
[Black "Favarel,A"]
[Result "1-0"]
[WhiteElo "2335"]
[BlackElo "2423"]

1.d4 Nf6 2.c4 e6 3.Nf3 d5 4.Nc3 Bb4 5.cxd5 exd5 6.Bf4 c6 7.a3 Be7 8.h3 Bf5
9.g4 Bg6 10.Ne5 Nbd7 11.Nxg6 hxg6 12.Bg2 Nf8 13.Qd2 Ne6 14.Be5 g5 15.e3 Nd7
16.Bg3 Nb6 17.Bf1 Bd6 18.Bxd6 Qxd6 19.Qc2 g6 20.O-O-O O-O-O 21.Kb1 Kb8 22.f3
Rde8 23.Qf2 Re7 24.h4 gxh4 25.Rxh4 Rhe8 26.Bd3 a6 27.Rhh1 c5 28.dxc5 Nxc5
29.e4 d4 30.Ne2 Rd8 31.Bxa6 d3 32.Bb5 d2 33.Nc3 Nb3 34.Qe3 Re5 35.Rh7 g5
36.Rxf7 Qe6 37.Rf5 Nd4 38.Rxd2 {#r} 1-0

[Event "WWRR 2017"]
[Site "masterchessopen.com Wachtebeke BEL"]
[Date "2017.03.01"]
[Round "7.1"]
[White "Kerigan,D"]
[Black "Hamblok,R"]
[Result "0-1"]
[WhiteElo "2318"]
[BlackElo "2320"]

1.e4 c5 2.Nf3 d6 3.c3 Nf6 4.Bd3 Bg4 5.Bc2 Nc6 6.h3 Bxf3 7.Qxf3 g6 8.d3 Bg7
9.Qd1 O-O 10.O-O Nd7 11.Nd2 b5 12.Nf3 b4 13.d4 bxc3 14.bxc3 Qa5 15.Qd3 Rfc8
16.Bb3 cxd4 17.cxd4 e6 18.Bd2 Qb6 19.Rab1 Qd8 20.Rfd1 Na5 21.Ba4 Nc4 22.Bg5
Qc7 23.Bb5 Ndb6 24.Ba6 Rf8 25.Rbc1 d5 26.Nd2 h6 27.Be3 f5 28.exd5 exd5 29.Nxc4
dxc4 30.Bxc4+ Nxc4 31.Rxc4 Qd6 32.d5 Rfd8 33.Bf4 Qf8 34.Rc6 g5 35.Be3 Qf7
36.Qc4 Rd7 37.a4 Bf8 38.Bc5 Bg7 39.a5 Rad8 40.Re6 Rc8 41.Rc1 Rdc7 42.Qb4 Bf8
43.d6 Rxc5 44.Rxc5 Qxe6 45.Rxc8 Qxc8 46.Qb3+ Kg7 47.Qb2+ Kg6 48.Qe5 Qc1+ {#R}
0-1

[Event "WWRR 2017"]
[Site "masterchessopen.com Wachtebeke BEL"]
[Date "2017.03.01"]
[Round "7.2"]
[White "Damia,A"]
[Black "Beukema,Jasper"]
[Result "0-1"]
[WhiteElo "2293"]
[BlackElo "2286"]

1.c4 f5 2.Nc3 Nf6 3.d4 e6 4.Bg5 Be7 5.Nf3 d6 6.Qc2 Nbd7 7.e3 O-O 8.O-O-O c5
9.Bd3 h6 10.d5 hxg5 11.dxe6 g4 12.exd7 Nxd7 13.Nd2 Ne5 14.Nd5 Bg5 15.h3 Bh6
16.Kb1 a6 17.Ka1 b5 18.Nf4 b4 19.Nf1 gxh3 20.Rxh3 Bxf4 21.exf4 Nc6 22.Qe2 Qe8
23.Qf3 Be6 24.Ne3 Nd4 25.Qg3 Qe7 26.Rdh1 Kf7 27.Rh7 Rg8 28.Qh3 Qf6 29.Qh5+ Kf8
30.Qd1 a5 31.Qa4 Qf7 32.R1h5 Bd7 33.Qd1 a4 34.Kb1 Be6 35.g4 fxg4 36.f5 Bc8
37.Be4 Bb7 38.Nd5 Re8 39.Qxg4 Bxd5 40.cxd5 Qf6 41.f3 Nb5 42.Qg5 Qd4 43.f6 Rxe4
44.fxg7+ Ke8 45.fxe4 Qxe4+ 46.Kc1 Qe1+ 47.Kc2 Nd4+ 48.Kd3 Qe2# 0-1

[Event "WWRR 2017"]
[Site "masterchessopen.com Wachtebeke BEL"]
[Date "2017.03.01"]
[Round "7.4"]
[White "Den Hartog,Marijn"]
[Black "Vuelban,V"]
[Result "1-0"]
[WhiteElo "2183"]
[BlackElo "2294"]

1.e4 c5 2.Nf3 e6 3.d4 cxd4 4.Nxd4 a6 5.Bd3 Ne7 6.O-O Nbc6 7.Nxc6 Nxc6 8.Be3
Be7 9.Nd2 Rb8 10.c4 O-O 11.Nb3 b6 12.Rc1 d6 13.f4 Bf6 14.Rf2 e5 15.f5 a5
16.Qg4 Nd4 17.Nd2 g6 18.Nf3 Kh8 19.Ng5 gxf5 20.exf5 Bxg5 21.Bxg5 f6 22.Be3 Rg8
23.Qh4 Nc6 24.Be4 Bb7 25.Rd2 Nb4 26.Rcd1 Bxe4 27.Qxe4 d5 28.cxd5 Nxa2 29.d6
Qd7 30.Qd5 Nb4 31.Qe6 {#r} 1-0

[Event "WWRR 2017"]
[Site "masterchessopen.com Wachtebeke BEL"]
[Date "2017.03.01"]
[Round "7.5"]
[White "Hautot,S"]
[Black "Hopman,P"]
[Result "0-1"]
[WhiteElo "2395"]
[BlackElo "2335"]

1.d4 Nf6 2.Nc3 d5 3.Bg5 Bf5 4.f3 Nbd7 5.Qd2 c6 6.e3 h6 7.Bh4 e5 8.g4 exd4
9.exd4 Bh7 10.O-O-O Be7 11.Bf2 Nf8 12.h4 Ne6 13.Nge2 Nd7 14.f4 h5 15.g5 Bd6
16.Bh3 f5 17.Bg3 Qc7 18.Rhf1 O-O-O 19.Kb1 Nb6 20.b3 Kb8 21.Nc1 Rhe8 22.Qf2 Bb4
23.N3e2 Ba3 24.Nd3 Nc4 25.Ka1 Nd6 26.Ne5 c5 27.Qe3 cxd4 28.Qd3 Rc8 29.g6 Bxg6
30.Nxg6 Nc5 31.Qd2 Re3 32.Ne5 Nce4 33.Qxd4 Rxe2 34.Qd3 Qxc2 {#R} 0-1

[Event "WWRR 2017"]
[Site "masterchessopen.com Wachtebeke BEL"]
[Date "2017.03.01"]
[Round "8.4"]
[White "Beukema,Jasper"]
[Black "Den Hartog,Marijn"]
[Result "0-1"]
[WhiteElo "2286"]
[BlackElo "2183"]

1.e4 e6 2.d4 d5 3.Nc3 Bb4 4.Ne2 Nf6 5.e5 Nfd7 6.a3 Be7 7.f4 c5 8.Be3 O-O
9.dxc5 Bxc5 10.Nd4 Nc6 11.Nce2 Qc7 12.c3 a6 13.a4 Re8 14.g3 Rb8 15.Qd2 Bf8
16.h4 Na5 17.Qc2 b5 18.axb5 axb5 19.b4 Nc4 20.Bf2 f6 21.Bh3 fxe5 22.Nxe6 Qc6
23.Ng5 Nf6 24.Bxc8 Qxc8 25.O-O h6 26.Nf3 e4 27.Nh2 e3 28.Be1 Ra8 29.Rxa8 Qxa8
30.Nf3 Qb7 31.Nfd4 Ne4 32.g4 Qd7 33.f5 Bd6 34.Qd3 Ned2 35.Bxd2 exd2 36.Ne6
Rxe6 37.fxe6 Qxe6 38.Qf3 Ne3 39.Nd4 Qe5 40.Qe2 Qg3+ 41.Kh1 Qh3+ 42.Kg1 Bh2+
43.Qxh2 Qxf1# 0-1

[Event "WWRR 2017"]
[Site "masterchessopen.com Wachtebeke BEL"]
[Date "2017.03.01"]
[Round "8.5"]
[White "Vuelban,V"]
[Black "Kerigan,D"]
[Result "0-1"]
[WhiteElo "2294"]
[BlackElo "2318"]

1.d4 d6 2.d5 g6 3.c4 Bg7 4.Nc3 Nf6 5.Nf3 O-O 6.e4 e6 7.dxe6 Bxe6 8.Nd4 Bd7
9.Be2 Re8 10.f3 Nc6 11.Be3 a6 12.O-O Rb8 13.a4 Nxd4 14.Bxd4 Be6 15.a5 c5
16.Bf2 b6 17.axb6 Qxb6 18.Na4 Qc6 19.e5 dxe5 20.Nxc5 Rxb2 21.Rxa6 Qc8 22.Nxe6
Qxa6 23.Nc7 Qa2 24.Nxe8 Rxe2 25.Qd8 Nxe8 26.Qxe8+ Bf8 27.Qb5 h5 28.h4 Bh6
29.Qc6 Qd2 30.f4 Bxf4 31.g3 Bh6 32.Qe8+ Kg7 33.c5 Qd5 34.c6 Be3 35.c7 Rxf2
36.Rxf2 Bxf2+ 37.Kh2 Bxg3+ 38.Kh3 Bxh4 39.Kh2 Qd2+ 40.Kh3 Qg5 41.Qh8+ Kxh8
42.c8=Q+ Kg7 {#R} 0-1

[Event "WWRR 2017"]
[Site "masterchessopen.com Wachtebeke BEL"]
[Date "2017.03.02"]
[Round "9.1"]
[White "Kerigan,D"]
[Black "Beukema,Jasper"]
[Result "1-0"]
[WhiteElo "2318"]
[BlackElo "2286"]

1.e4 e5 2.f4 Bc5 3.Nf3 d6 4.c3 Qe7 5.d4 exd4 6.cxd4 Bb6 7.Nc3 Bg4 8.Be3 Nf6
9.e5 dxe5 10.fxe5 Nc6 11.Bb5 O-O 12.Bxc6 bxc6 13.h3 Bxf3 14.Qxf3 Nd5 15.Nxd5
cxd5 16.O-O Rad8 17.Qg3 f6 18.Rf5 Qe6 19.Qg4 Rde8 20.Raf1 h5 21.Qg6 Qf7 22.Qg3
h4 23.Qxh4 Qg6 24.Rh5 Qe4 25.Rh8+ Kf7 26.Rxf6+ gxf6 27.Qxf6# 1-0

[Event "WWRR 2017"]
[Site "masterchessopen.com Wachtebeke BEL"]
[Date "2017.03.02"]
[Round "9.2"]
[White "Damia,A"]
[Black "Favarel,A"]
[Result "1-0"]
[WhiteElo "2293"]
[BlackElo "2423"]

1.e4 c5 2.Nf3 Nc6 3.d4 cxd4 4.Nxd4 g6 5.Nc3 Bg7 6.Be3 Nf6 7.Be2 O-O 8.Qd2 d5
9.exd5 Nxd5 10.Nxd5 Qxd5 11.Bf3 Qc4 12.Be2 Qb4 13.Nxc6 Qxd2+ 14.Bxd2 bxc6
15.O-O-O Be6 16.Ba5 Rab8 17.b3 c5 18.c4 Bd4 19.Rhf1 Bc8 20.Bf3 Bb7 21.Bxb7
Rxb7 22.Kc2 e5 23.Bc3 f6 24.f4 Kg7 25.fxe5 fxe5 26.Rxf8 Kxf8 27.Bxd4 exd4
28.Re1 Rf7 29.Re5 Rf2+ 30.Kd3 Rxg2 31.Rxc5 Rxh2 32.Ra5 h5 33.Rxa7 h4 34.c5 Ke8
35.c6 Kd8 36.Kxd4 Rc2 37.Rh7 g5 38.Kd5 Rxa2 39.b4 Rb2 40.c7+ Kc8 41.Kc6 Rc2+
42.Kb6 Rc3 43.Rh8+ Kd7 44.Rd8+ Ke7 45.c8=Q {#r} 1-0

[Event "TCh-NOR Codanserien"]
[Site "masterchessopen.com Norway NOR"]
[Date "2017.03.03"]
[Round "7.1"]
[White "Predojevic,B"]
[Black "Mork,K"]
[Result "1-0"]
[WhiteElo "2640"]
[BlackElo "2293"]

1.d4 e6 2.c4 Nf6 3.Nf3 Nc6 4.g3 Bb4+ 5.Bd2 Qe7 6.Nc3 O-O 7.Bg2 d6 8.O-O a5
9.Qc2 Bxc3 10.Bxc3 e5 11.d5 Nb8 12.Nh4 Ng4 13.e4 Nh6 14.Rae1 f6 15.b3 b6 16.a3
g5 17.Nf3 Nf7 18.Nd2 g4 19.f4 Bd7 20.Rf2 Na6 21.Nf1 Nh6 22.Bd2 Qg7 23.b4 a4
24.Ne3 Rae8 25.Bf1 Ra8 26.Bd3 Kh8 27.Bc3 Rg8 28.Ref1 Qe7 29.Qe2 Rae8 30.c5 Nb8
31.c6 Bc8 32.Ng2 Rgf8 33.fxe5 dxe5 34.Qd2 Qg7 35.b5 Qg6 36.Nh4 {#r} 1-0

[Event "TCh-NOR Codanserien"]
[Site "masterchessopen.com Norway NOR"]
[Date "2017.03.03"]
[Round "7.1"]
[White "Stigar,P"]
[Black "Tari,A"]
[Result "0-1"]
[WhiteElo "2244"]
[BlackElo "2570"]

1.d4 Nf6 2.Nf3 e6 3.c4 d5 4.Nc3 a6 5.cxd5 exd5 6.Bg5 Be6 7.e3 Nbd7 8.Bd3 h6
9.Bh4 Bd6 10.Qc2 O-O 11.O-O c6 12.Rfe1 Re8 13.Rad1 Qc7 14.Bg3 Bg4 15.e4 dxe4
16.Nxe4 Nxe4 17.Bxe4 Nf6 18.Bd3 Bxf3 19.gxf3 Rad8 20.Rxe8+ Rxe8 21.Bc4 Qd7
22.Be5 Nh5 23.Qg6 Bxe5 24.Qxh5 Bf6 25.b4 Re7 26.Kg2 Qd8 27.Qg4 Rd7 28.a4 Rxd4
29.Rxd4 Bxd4 30.b5 cxb5 31.axb5 a5 32.h4 a4 33.Qe4 b6 34.Qb7 Qf6 35.Qa8+ Kh7
36.Bd3+ g6 37.Qxa4 Qxh4 38.Qa2 Qg5+ 39.Kf1 Kg7 40.Bc4 Qf4 41.Bd5 h5 42.Kg2 h4
43.Be4 Be5 44.Qb1 h3+ 45.Kf1 Qg5 46.Ke2 h2 {#R} 0-1

[Event "TCh-NOR Codanserien"]
[Site "masterchessopen.com Norway NOR"]
[Date "2017.03.03"]
[Round "7.1"]
[White "Lie,K"]
[Black "Saevareid,O"]
[Result "1-0"]
[WhiteElo "2524"]
[BlackElo "2177"]

1.c4 e6 2.Nc3 d5 3.e3 Nf6 4.Nf3 Be7 5.b3 O-O 6.Bb2 b6 7.d4 Bb7 8.Bd3 Nbd7
9.O-O c5 10.Qe2 Rc8 11.cxd5 Nxd5 12.Nxd5 Bxd5 13.Rfd1 cxd4 14.Nxd4 Qc7 15.Qh5
Nf6 16.Qh3 h6 17.f3 Rfd8 18.Kh1 Qb7 19.e4 Bc6 20.e5 Nd5 21.Nxe6 fxe6 22.Qxe6+
Kf8 {#r} 1-0

[Event "TCh-NOR Codanserien"]
[Site "masterchessopen.com Norway NOR"]
[Date "2017.03.03"]
[Round "7.1"]
[White "Manne,P"]
[Black "Holm,Kristian Stuvik"]
[Result "0-1"]
[WhiteElo "2150"]
[BlackElo "2413"]

1.e4 c5 2.Nf3 e6 3.d4 cxd4 4.Nxd4 a6 5.Bd3 Bc5 6.Nb3 Be7 7.O-O d6 8.Nc3 Nf6
9.f4 Nbd7 10.Qe2 Qc7 11.Bd2 b5 12.a3 Bb7 13.g4 h6 14.Rae1 Nc5 15.Nd4 Nfd7
16.b4 Nxd3 17.cxd3 Bf6 18.Qf2 O-O 19.Rc1 Qd8 20.Nb3 Rc8 21.Na5 Ba8 22.a4 Bxc3
23.Rxc3 bxa4 24.Rfc1 Rxc3 25.Bxc3 Qb8 26.Qd4 e5 27.Qe3 exf4 28.Qxf4 Ne5
29.Bxe5 dxe5 30.Qd2 Rd8 31.Qc3 Qb6+ 32.Kg2 Qe3 33.Rc2 Kh7 34.Nc4 Qxd3 35.Nxe5
Bxe4+ 36.Kf2 Qxc2+ {#R} 0-1

[Event "TCh-NOR Codanserien"]
[Site "masterchessopen.com Norway NOR"]
[Date "2017.03.03"]
[Round "7.1"]
[White "Christiansen,Johan-Sebastian"]
[Black "Sandal,Eirik"]
[Result "1-0"]
[WhiteElo "2408"]
[BlackElo "2080"]

1.e4 c5 2.Nf3 d6 3.d4 cxd4 4.Nxd4 Nf6 5.Nc3 a6 6.Bg5 e6 7.f4 Be7 8.Qf3 Qc7
9.O-O-O Nbd7 10.g4 b5 11.Bxf6 Nxf6 12.g5 Nd7 13.f5 Ne5 14.Qg3 b4 15.Nce2 exf5
16.exf5 Bb7 17.Bg2 O-O-O 18.Rhf1 d5 19.Kb1 Nc4 20.Qh3 Bxg5 21.f6+ Kb8 22.fxg7
Rhg8 23.Nf5 Nd2+ 24.Rxd2 Bxd2 25.Qxh7 Qe5 26.Ned4 Rge8 27.Rd1 Qe1 28.Bf3 Qf2
29.Qh5 Re1 30.Qxf7 Rxd1+ 31.Bxd1 Qe1 32.Qh5 Bf4 33.Qg4 Qd2 34.Nb3 {#r} 1-0

[Event "TCh-NOR Codanserien"]
[Site "masterchessopen.com Norway NOR"]
[Date "2017.03.03"]
[Round "7.2"]
[White "Arvola,B"]
[Black "Devereaux,M"]
[Result "1-0"]
[WhiteElo "2292"]
[BlackElo "2374"]

1.e4 e5 2.Nf3 Nc6 3.Bb5 a6 4.Ba4 Nf6 5.O-O Nxe4 6.d4 b5 7.Bb3 d5 8.dxe5 Be6
9.Nbd2 Nc5 10.c3 Be7 11.Bc2 d4 12.Nb3 d3 13.Nxc5 dxc2 14.Qxd8+ Rxd8 15.Nxe6
fxe6 16.Bf4 Rf8 17.Bg3 g5 18.h3 b4 19.Ne1 bxc3 20.bxc3 Ba3 21.Nxc2 Bb2 22.Rae1
Bxc3 23.Re4 Nd4 24.Rc1 c5 25.Ne1 Bxe1 26.Rexe1 Rc8 27.f3 Rf7 28.Bf2 Rfc7
29.Rc4 Nf5 30.Rb1 Ne7 31.h4 gxh4 32.Bxh4 Ng6 33.Bf6 Rc6 34.Kf2 R8c7 35.g4 Rd7
36.Ke3 Ne7 37.Rb8+ Kf7 38.Bxe7 Rxe7 39.Rf4+ Kg7 40.Rff8 Kg6 41.f4 c4 42.Rg8+
Rg7 43.f5+ exf5 44.gxf5+ Kh6 45.f6 Rxg8 46.Rxg8 Rc7 47.e6 {#r} 1-0

[Event "TCh-NOR Codanserien"]
[Site "masterchessopen.com Norway NOR"]
[Date "2017.03.03"]
[Round "7.3"]
[White "Gullaksen,E"]
[Black "Elsness,F"]
[Result "0-1"]
[WhiteElo "2366"]
[BlackElo "2444"]

1.e4 c5 2.Nf3 d6 3.d4 cxd4 4.Nxd4 Nf6 5.Nc3 a6 6.Bc4 e6 7.O-O Be7 8.a3 O-O
9.Ba2 b5 10.Re1 Bb7 11.f4 Nbd7 12.e5 Ne8 13.Kh1 Nb6 14.Be3 Nc4 15.Bxc4 bxc4
16.Qg4 g6 17.Rad1 Ng7 18.Bc1 Qb6 19.Ne4 Bxe4 20.Rxe4 Rfd8 21.c3 Rd7 22.Ree1
Rad8 23.Qe2 Qc7 24.Nf3 Nf5 25.Be3 Bf8 26.Bf2 h5 27.Rd2 Bh6 28.g3 Bg7 29.Red1
dxe5 30.Rxd7 Rxd7 31.Rxd7 Qxd7 32.Qxc4 Qb7 33.Kg2 e4 34.Ng5 e3+ 35.Qe4 Qxb2
{#R} 0-1

[Event "TCh-NOR Codanserien"]
[Site "masterchessopen.com Norway NOR"]
[Date "2017.03.03"]
[Round "7.4"]
[White "Kovachev,D"]
[Black "Havik,V"]
[Result "1-0"]
[WhiteElo "2329"]
[BlackElo "2074"]

1.e4 e5 2.Nf3 Nc6 3.Bc4 Bc5 4.O-O Nf6 5.d3 O-O 6.a4 h6 7.Nbd2 a6 8.Re1 d6
9.Nf1 Qe7 10.Ng3 Ng4 11.Rf1 Nd4 12.h3 Nxf3+ 13.Qxf3 Nf6 14.Be3 Ba7 15.Bxa7
Rxa7 16.Qe3 Ra8 17.f4 exf4 18.Qxf4 d5 19.exd5 Nxd5 20.Qf2 Be6 21.Bxd5 Bxd5
22.Nf5 {#r} 1-0

[Event "TCh-NOR Codanserien"]
[Site "masterchessopen.com Norway NOR"]
[Date "2017.03.03"]
[Round "7.4"]
[White "Fossan,Andreas"]
[Black "Moen,A"]
[Result "0-1"]
[WhiteElo "2061"]
[BlackElo "2326"]

1.d4 Nf6 2.c4 b6 3.Nc3 Bb7 4.Bg5 e6 5.Nf3 h6 6.Bh4 d6 7.e3 g5 8.Bg3 Nh5 9.Be2
Bg7 10.Qa4+ Qd7 11.Qc2 Qe7 12.O-O-O Nd7 13.Ne1 Nxg3 14.hxg3 O-O 15.f4 c5 16.d5
exd5 17.Nxd5 Bxd5 18.Rxd5 Qxe3+ 19.Kb1 Rfe8 20.Bf3 Rad8 21.Rd3 Qe7 22.Qd2 b5
23.cxb5 d5 24.Bxd5 Nb6 25.Bc6 Nc4 26.Qc2 Qxe1+ 27.Qd1 Qb4 28.b3 Rxd3 29.Qxd3
Re1+ 30.Rxe1 Qxe1+ 31.Kc2 Na3# 0-1

[Event "TCh-NOR Codanserien"]
[Site "masterchessopen.com Norway NOR"]
[Date "2017.03.03"]
[Round "7.5"]
[White "Haug,J"]
[Black "Ekeberg,C"]
[Result "0-1"]
[WhiteElo "2292"]
[BlackElo "2255"]

1.d4 Nf6 2.c4 g6 3.Nc3 d5 4.cxd5 Nxd5 5.e4 Nxc3 6.bxc3 Bg7 7.Nf3 c5 8.Be3 Qa5
9.Qd2 Nc6 10.Rb1 a6 11.Rc1 f5 12.e5 f4 13.Bxf4 Bg4 14.Be2 Rd8 15.Ng5 Bxe2
16.Qxe2 Bh6 17.O-O Rf8 18.Be3 Bxg5 19.Bxg5 cxd4 20.cxd4 Rxd4 21.Be3 Qxe5
22.Rb1 Rd7 23.Rb6 Rf6 24.Qc4 Qe6 25.Qc2 Qd5 26.Rfb1 Nd8 27.h3 Rxb6 28.Bxb6 Nc6
29.Qc3 e5 30.a4 Qd3 31.Qb2 Qc4 32.a5 Kf7 33.Re1 Kg7 34.Be3 Qb4 35.Qxb4 Nxb4
36.Rc1 Nc6 37.Bb6 Kf6 38.f3 Rd5 39.Ra1 Rd2 40.Rb1 Rd5 41.Kf2 Rb5 42.Rxb5 axb5
43.Ke3 Ke6 44.Ke4 Kd6 45.g3 b4 46.f4 exf4 47.gxf4 b3 48.Kd3 Nb4+ {#R} 0-1